000 00423nam a2200145Ia 4500
005 20250729165815.0
008 250729s2022 xx 000 0 und d
041 _akan
082 _a370.25 CHAB
100 _aChandrahasa G Kanvathirtha
_9233448
245 _aBhodhana Shastra thantragalu vidhanagalu mattu Margagalu
260 _aMangalore
_bAkruthi Ahaya Publication
_c2022
300 _a220p
650 _aKannada
_9233449
999 _c240286
_d240286